Perspektívy a odporúčania pre slovenské firmy pôsobiace na ruskom trhu

Obchodné zvyklosti a charakteristika podnikateľského prostredia v Rusku. Možné formy podpory exportu slovenských podnikov na ruskom trhu - inštitúcie a internetové portály. Podmienky pôsobenia slovenských firiem na trhu Ruskej federácie. Obmedzenia exportu zo Slovenska do Ruska. Clá a dane. Netarifn...

Descripción completa

Guardado en:
Detalles Bibliográficos
Autor principal: Kašťáková, Elena, 1974-
Formato: Capítulo de libro
Lenguaje:eslovaco
Materias:
Etiquetas: Agregar Etiqueta
Sin Etiquetas, Sea el primero en etiquetar este registro!

MARC

LEADER 00000naa$a2200000$$$4500
001 0070416
005 20240502071838.8
041 0 |a slo 
044 |a SK 
245 1 0 |a Perspektívy a odporúčania pre slovenské firmy pôsobiace na ruskom trhu  |c Elena Kašťáková 
520 |a Obchodné zvyklosti a charakteristika podnikateľského prostredia v Rusku. Možné formy podpory exportu slovenských podnikov na ruskom trhu - inštitúcie a internetové portály. Podmienky pôsobenia slovenských firiem na trhu Ruskej federácie. Obmedzenia exportu zo Slovenska do Ruska. Clá a dane. Netarifné bariéry dovozu do Ruska. Obmedzenia importu do Slovenskej republiky z Ruska. Finančné aspekty slovensko-ruského zahraničného obchodu. Odbytové možnosti slovenských firiem na ruskom trhu. 
610 2 0 |a podnikanie 
610 2 0 |a prostredie podnikateľské 
610 2 0 |a obchod zahraničný 
610 2 0 |a dovoz 
610 2 0 |a vývoz 
610 2 0 |a odvetvia priemyselné 
610 2 0 |a spoločnosti akciové 
610 2 0 |a spoločnosti s r.o. 
610 2 0 |a trh 
610 2 0 |a financie 
610 2 0 |a Rusko 
100 1 |a Kašťáková, Elena, 1974-